000 00235nmm a2200085Ia 4500
008 220120s9999||||xx |||||||||||||||||und||
100 _aLFY
_910674
245 0 _aEdu Morphix : A GNV / Linux distro for education, Geography,
260 _c2005
999 _c138640
_d138640